Chamber Music For Wind And String Instruments (Запис номер 530137)
[ съкратено ]
| 000 -Лидер | |
|---|---|
| Лидер | 01547njm a2200277 a 4500 |
| 003 - Код на организацията, давaща контролен номер | |
| Код на организацията, даваща контролен номер | BLK |
| 005 - Дата и час на последна редакция | |
| Дата и час на последна редакция | 20250326142312.0 |
| 007 - Фиксирано поле за физическо описани | |
| Физическо описание | sd bmmalaaahaa |
| 008 - Елементи от данни с фиксирана дължина | |
| Елементи с фиксирана дължина | 250326b bu |||||s|||| 00| | bu d |
| 028 ## - PUBLISHER NUMBER | |
| Издателски номер | 1111671-2 |
| Поясняваща информация | (2 плочи) |
| 040 ## - Източник на каталожния запис | |
| Код на библиотеката | BLK |
| 041 ## - Код за език | |
| Език на записа | Английски |
| -- | Чешки |
| Език за КДБФ | Английски |
| 080 ## - УДК | |
| УДК код | 785.7 |
| УДК текст | Камерна музика. Музика за няколко солови инструмента - дует, трио, квартет, квинтет, секстет, септет, нонет и др. |
| УДК – определител | (086.72) |
| УДК – код + определител | 785.7(086.72) |
| 100 ## - Редна дума - Автор | |
| R(LIN) | 386874 |
| Автор | Mozart, Wolfgang Amadeus |
| Години, свързани с автора | 1756 - 1791 |
| 245 ## - Сведения за заглавието | |
| Заглавие | Chamber Music For Wind And String Instruments |
| Авторска отговорност | Mozart ; Czech Philharmonic Wind Ensemble and other Members Of The Czech Philharmonic Orchestra |
| 246 11 - Различни форми на заглавието | |
| Различни форми на заглавието | Камерная музыка для духовых и струнных инструментов |
| 260 ## - Област на издателските данни | |
| Място на издаване | Praha |
| Име на издателя | Supraphon |
| Година на издаване | 1969 |
| 9 (RLIN) | 210746 |
| 300 ## - Физическа характеристика | |
| Брой страници | 2 грамофонни плочи 33 об/мин |
| Илюстрации | stereo |
| Размер | 30 см |
| 380 ## - Жанр | |
| Жанр | Изкуство |
| 500 ## - Общи забележки | |
| Обща забележка | 12 Duos For 2 Horns, K. 487 <br/>Quintet In E Flat Major For Violin, 2 Violas, French Horn, And Cello, K. 407 <br/>Quartet In F Major For Oboe, Violin, Viola, And Cello, K. 370 <br/>Divertimento No. 5 In C Major For 2 Flutes (Piccolos), 5 Trumpets, And 4 Kettledrums, K. 187 <br/> |
| 650 #0 - Допълнително описание по предмет – тема | |
| 9 (RLIN) | 316670 |
| Предметна рубрика | Камерна музика, инструментална |
| 852 ## - Местоположение | |
| Сигнатура (форматна) | Ф ІІ 4576 |
| Отдел | Основен фонд - ползва се само за читалня |
| 856 ## - Електронен адрес и достъп | |
| Инструкция (цена за достъп) | 0.00 |
| Права за достъп | disable |
| 942 ## - АРТИКУЛИ | |
| Вид на библиотечния документ | Грамофонни плочи |
| Скрит в OPAC | Не |
| 944 ## - СЪЗДАВАНЕ И РЕДАКЦИЯ на ЗАПИСА | |
| Дата на регистрацията/редакция | Геновева Генчева |
| Служител, извършил регистрацията/редакцията | 30560 |
| Статус, дата на статуса | Геновева Генчева |
| Създаване/Редакция | |
| 999 ## - СИСТЕМНИ КОНТРОЛНИ НОМЕРА | |
| Koha biblionumber | 530137 |
| Koha biblioitemnumber | 530137 |
| Код за отписване | Код за изгубен артикул | Източник на класификационната схема | Код за повреда | Коз за рестрикции | Код за отдаване | Артикулен № | Име на библиотеката - собственик | Име на библиотеката, в която се намира в момента | Статус (Текущо местоположение) | Дата на вписване в системата | Местоположение - отдел | Цена в лева | Номерация (Хронология) | Инвентарен номер | Систематично азбучна сигнатура | Баркод | Цена в евро | Служебен тип на артикула |
|---|---|---|---|---|---|---|---|---|---|---|---|---|---|---|---|---|---|---|
| Не е изгубен | Universal Decimal Classification | Не е повреден | само за читалня | ползва се в читалня | 965060 | Регионална библиотека "Любен Каравелов" Русе | Регионална библиотека "Любен Каравелов" Русе | Хранилище | 2025-03-26 | Основен фонд - ползва се само за читалня | 6.00 | 1 | 9116 | Ф ІІ 4576 | 900000116919 | 3.07 | Грамофонни плочи | |
| Не е изгубен | Universal Decimal Classification | Не е повреден | само за читалня | ползва се в читалня | 965061 | Регионална библиотека "Любен Каравелов" Русе | Регионална библиотека "Любен Каравелов" Русе | Хранилище | 2025-03-26 | Основен фонд - ползва се само за читалня | 6.00 | 2 | 9117 | Ф ІІ 4576 | 900000116920 | 3.07 | Грамофонни плочи |